Geografía de la Población con fundamentos de demografía

Bibliographic Details
Main Author: Alexeev, A.
Format: Section = Libro
Language:Undetermined
Spanish
Published: URSS Licentiate of Engineering 1987
Subjects:
LEADER 00474nam a2200181Ia 4500
008 240830s9999 xx 000 0 und d
040 |a B-ESTELÍ- RUACS / 314 A383 
041 |a spa 
082 |a 314 A383 
100 1 |a Alexeev, A. 
245 1 0 |a Geografía de la Población con fundamentos de demografía 
260 |a URSS  |b Licentiate of Engineering  |c 1987 
300 |a 232 p:il 
650 7 |a POBLACION 
650 7 |b  ECONOMIA 
942 |c BK  |2 ddc 
991 |a TEXTO 
999 |c 10683